Gares de la Seine Maritime - Statistiques

Statistiques générales
  • Ce quiz a été pris 183 fois
    51 depuis la dernière actualisation
  • Le résultat moyen est 20 sur 42
Statistiques - réponses
Nombre de voyageurs Gares % Correct
700 985 Dieppe
100%
454 996 Oissel
97%
8 094 665 Rouen Rive Droite
97%
2 116 610 Le Havre
94%
1 710 Le Havre Graville
91%
205 329 Fécamp
86%
1 188 814 Yvetot
86%
100 942 Malaunay - Le Houlme
83%
769 085 Bréauté - Beuzeville
74%
268 199 Elbeuf - Saint Aubin
74%
79 592 Le Tréport - Mers les Bains
69%
309 207 Barentin
66%
101 808 Maromme
66%
31 117 Eu
57%
44 231 Saint Etienne du Rouvray
57%
375 Rolleville
54%
14 614 Sotteville
51%
18 298 Montivilliers
49%
212 546 Pavilly
49%
275 079 Auffay
46%
4 890 Harfleur
40%
5 262 Harfleur Halte
40%
69 745 Motteville
40%
169 331 Clères
37%
170 616 Montville
37%
15 119 Saint Aubin sur Scie
34%
82 527 Serqueux
34%
37 046 Longueville sur Scie
31%
4 321 Tourville
31%
73 535 Etainhus - Saint Romain
29%
1 540 Epouville
26%
7 705 Foucart - Alvimare
26%
29 542 Montérolier - Buchy
26%
17 385 Saint Victor l'Abbaye
26%
5 169 Aumale
23%
34 388 Blangy sur Bresle
23%
32 487 Morgny
23%
17 196 Longuerue - Vieux Manoir
20%
5 271 Longroy - Gamaches
17%
31 008 Saint Laurent - Gainneville
17%
8 303 Sommery
17%
7 975 Jacques Monod La Demi Lieue
6%
Aucun quiz correspondant
Distribution des résultats
% des personnes avec chaque résultat
Percentile par nombre de réponses
Votre historique - résultats
Vous n’avez pas pris ce quiz depuis la dernière actualisation